| 000 | 00738nam a22002417a 4500 | ||
|---|---|---|---|
| 005 | 20251108172049.0 | ||
| 008 | 250721s1988 xx 000 0 ara d | ||
| 082 | 1 | 4 | _aط/923.541/عسل |
| 100 | 1 | _aالعسلي، بسام | |
| 245 | 1 | 0 | _aويفل / |
| 264 | 1 |
_aبيروت : _bدار النفائس، _c1988. |
|
| 300 | _a216ص. | ||
| 490 | 0 | _aمشاهير قادة الحرب العالمية الثانية ؛ 3 | |
| 650 | 1 | 7 | _aالمشاهير |
| 650 | 1 | 7 | _aالقادة |
| 650 | 1 | 7 | _aالعسكريون |
| 650 | 1 | 7 | _aالتراجم |
| 650 | 1 | 7 | _aإنجلترا |
| 650 | 1 | 7 | _aمقترحة :- ناشئون كبار (15-18) سنة |
| 653 | _aناشئون كبار ( 15-18) سنة | ||
| 942 |
_2ddc _cBK |
||
| 999 |
_c69512 _d69512 |
||